| 000 | 00000nam 2200000za 4500 |
| 001 | 9.822297 |
| 003 | CaOODSP |
| 005 | 20221107143645 |
| 007 | cr ||||||||||| |
| 008 | 160809s2016 onc o f000 0 fre d |
| 040 | |aCaOODSP|bfre |
| 043 | |an-cn--- |
| 086 | 1 |aH113-24/2016-41F-PDF |
| 245 | 00|aBénoxacore |h[ressource électronique]. |
| 260 | |aOttawa : |bSanté Canada, |cc2016. |
| 300 | |a3 p. |
| 490 | 1 |aLimites maximales de résidus proposées, |x1925-086X ; |vPMRL2016-41 |
| 500 | |aPubl. aussi en anglais sous le titre : Benoxacor. |
| 500 | |a« Le 8 août 2016. » |
| 504 | |aComprend des références. |
| 520 | |aEn vertu de la Loi sur les produits antiparasitaires, l’Agence de réglementation de la lutte antiparasitaire (ARLA) de Santé Canada a jugé acceptable l’ajout de nouvelles utilisations concernant diverses denrées sur l’étiquette de l’herbicide Dual II Magnum®, qui contient du s-métolachlore et du bénoxacore de qualité technique. Les utilisations approuvées au Canada sont décrites sur les étiquettes de l’herbicide Dual II Magnum® (numéro d’homologation 25729). Le bénoxacore est un phytoprotecteur qui fait partie de la formulation de l’herbicide Dual II Magnum®. La consultation sur la limite maximale de résidus (LMR) pour le s-métolachlore présent dans l’herbicide Dual II Magnum® se déroule dans le cadre d’une mesure distincte. L’évaluation de cette demande concernant le bénoxacore a permis de conclure que la préparation commerciale a une valeur et que les risques liés à ces nouvelles utilisations sont acceptables pour la santé humaine et pour l’environnement. |
| 530 | |aÉgalement publ. en version imprimée. |
| 692 | 07|2gccst|aHerbicide |
| 692 | 07|2gccst|aAccréditation |
| 692 | 07|2gccst|aToxicologie |
| 710 | 1 |aCanada. |bAgence de réglementation de la lutte antiparasitaire. |
| 710 | 1 |aCanada. |bSanté Canada. |
| 775 | 08|tBenoxacor |w(CaOODSP)9.822296 |
| 830 | #0|aLimites maximales de résidus proposées,|x1925-086X ; |vPMRL2016-41|w(CaOODSP)9.501545 |
| 856 | 40|qPDF|s154 Ko|uhttps://publications.gc.ca/collections/collection_2016/sc-hc/H113-24-2016-41-fra.pdf |